Using evidence: how research can inform public services (Record no. 5756)

MARC details
000 -LEADER
fixed length control field 00470nam a2200181Ia 4500
020 ## - INTERNATIONAL STANDARD BOOK NUMBER
ISBN 978-1-86134-664-3
082 ## - DEWEY DECIMAL CLASSIFICATION NUMBER
Classification number 001.4 NUR-U
100 ## - MAIN ENTRY--AUTHOR NAME
Personal name Nutley, Sandra M
245 #0 - TITLE STATEMENT
Title Using evidence: how research can inform public services
260 ## - PUBLICATION, DISTRIBUTION, ETC. (IMPRINT)
Place of publication Bristol
Name of publisher Policy Press
Year of publication 2007
300 ## - PHYSICAL DESCRIPTION
Number of Pages xii, 363
504 ## - BIBLIOGRAPHY, ETC. NOTE
Bibliography, etc includes bibliography and index
650 ## - SUBJECT ADDED ENTRY--TOPICAL TERM
Topical Term Evidence
650 ## - SUBJECT ADDED ENTRY--TOPICAL TERM
Topical Term Research
700 ## - ADDED ENTRY--PERSONAL NAME
Personal name Davies, Huw T.O.
700 ## - ADDED ENTRY--PERSONAL NAME
Personal name Walter, Isabel
942 ## - ADDED ENTRY ELEMENTS (KOHA)
Koha item type Books
Holdings
Withdrawn status Lost status Damaged status Not for loan Home library Current library Date acquired Bill Date Full call number Accession Number Price effective from Koha item type
        NASSDOC Library NASSDOC Library 31/12/1899 2006-03-06 001.4 NUR-U 43901 18/04/2019 Books